| 000 | 01355nam a2200289 i 4500 | ||
|---|---|---|---|
| 001 | 17793 | ||
| 003 | ES-MaACL | ||
| 005 | 20250719062531.0 | ||
| 007 | t| | ||
| 008 | 010528s1888 sp |||| |dspa d | ||
| 080 | _a929 Juan Bosco, Santo | ||
| 100 | 1 |
_aLastres y Juiz, Francisco, _d1848-1918 _970504 |
|
| 245 | 1 | 0 |
_aDon Bosco y la caridad en las prisiones _b: conferencia pronunciada en el Ateneo de Madrid el dia 12 de marzo de 1888 / _cpor Francisco Lastres. |
| 260 |
_aMadrid : _b[s.n.], _c1888 ( _fTip. de Manuel G. Hernández) |
||
| 300 |
_a22 p. ; _c23 cm. |
||
| 600 | 0 | 4 |
_aJuan Bosco _cSanto. _967105 |
| 610 | 2 | 4 |
_aAteneo de Madrid- _vConferencias- _yS.XIX. _91910 |
| 610 | 2 | 4 |
_aAteneo de Madrid- _vObras digitalizadas. _91930 |
| 710 | 2 |
_aAteneo de Madrid. _91875 |
|
| 852 |
_aES-MaACL _jD-103(2) _918319 _bR.FOLL.9/2 _cSVI _dOlim: 193-C-11 _gAnotación manuscrita en cubierta: "Folletos penitenciarios, Tomo 11" _xEncuadernado con otras obras formando un volumen facticio _hDonación: Francisco Lastres y Juiz |
||
| 852 |
_aES-MaACL _jT-466-F-1 _cDEPOF _918318 |
||
| 856 |
_uhttp://www.ateneodemadrid.com/biblioteca_digital/folletos/Folletos-0017.pdf _zVer documento |
||
| 903 |
_aLastres y Juiz, Francisco, _d1848-1918 _q1 _ednr _970504 |
||
| 942 |
_2udc _cFOLLETOS |
||
| 999 |
_c17793 _d17793 |
||